LEADER 02180nam 2200637 a 450 001 9910451793203321 005 20210108105006.0 010 $a1-282-25447-2 010 $a90-272-9581-6 010 $a9786612254475 010 $a1-4237-6638-5 035 $a(CKB)1000000000459834 035 $a(OCoLC)70771528 035 $a(CaPaEBR)ebrary10052871 035 $a(SSID)ssj0000132931 035 $a(PQKBManifestationID)12053324 035 $a(PQKBTitleCode)TC0000132931 035 $a(PQKBWorkID)10041166 035 $a(PQKB)10891944 035 $a(MiAaPQ)EBC622404 035 $a(EXLCZ)991000000000459834 100 $a20150424d2004|||| s|| | 101 0 $aeng 181 $ctxt 182 $cc 183 $acr 200 10$aCross-Cultural Perspectives on Parliamentary Discourse$b[electronic resource] 210 $aPhiladelphia, PA, USA$cJohn Benjamins Publishing Company$d20040301 210 $cJohn Benjamins Publishing Company 215 $a1 online resource (391 p.) 225 0 $aDiscourse approaches to politics, society, and culture Cross-cultural perspectives on parliamentary discourse 300 $aBibliographic Level Mode of Issuance: Monograph 311 $a1-58811-477-5 311 $a90-272-2700-4 606 $aLANGUAGE ARTS & DISCIPLINES$2bisac 606 $aLinguistics / Semantics$2bisac 606 $aDiscourse analysis$xPolitical aspects$vCross-cultural studies 606 $aParliamentary practice$vCross-cultural studies 606 $aCommunication in politics 606 $aLanguages & Literatures$2HILCC 606 $aPhilology & Linguistics$2HILCC 615 7$aLANGUAGE ARTS & DISCIPLINES 615 7$aLinguistics / Semantics 615 0$aDiscourse analysis$xPolitical aspects 615 0$aParliamentary practice 615 0$aCommunication in politics 615 7$aLanguages & Literatures 615 7$aPhilology & Linguistics 676 $a401/.41 700 $aBayley$b Paul$0570840 702 $aBayley$b Paul 801 0$bPQKB 906 $aBOOK 912 $a9910451793203321 996 $aCross-Cultural Perspectives on Parliamentary Discourse$92018126 997 $aUNINA LEADER 02706nam 2200625 a 450 001 9910971252203321 005 20200520144314.0 010 $a9781608052981 010 $a1608052982 035 $a(CKB)2670000000148557 035 $a(EBL)864310 035 $a(OCoLC)779141453 035 $a(SSID)ssj0000943293 035 $a(PQKBManifestationID)11584501 035 $a(PQKBTitleCode)TC0000943293 035 $a(PQKBWorkID)10977691 035 $a(PQKB)10596524 035 $a(OCoLC)785783105 035 $a(MiAaPQ)EBC864310 035 $a(DE-B1597)731488 035 $a(DE-B1597)9781608052981 035 $a(EXLCZ)992670000000148557 100 $a20120307d2012 uy 0 101 0 $aeng 135 $aur|n|---||||| 181 $ctxt 182 $cc 183 $acr 200 00$aBrassinosteroids $epractical applications in agriculture and human health /$fedited by Adaucto Bellarmino Pereira-Netto 205 $a1st ed. 210 $a[Brazil] $cBentham Books$d[2012] 215 $a1 online resource (103 p.) 300 $aDescription based upon print version of record. 311 08$a9781608056545 311 08$a1608056546 320 $aIncludes bibliographical references and index. 327 $a01 Title.pdf; 02 Cover Page; 03 REVISED eBooks End User License Agreement-Website; 04 Dedication; 05 Content; 06 Foreword; 07 Preface; 08 List of Contributors; 10 Chapter 01; 11 Chapter 02; 12 Chapter 03; 13 Chapter 04; 14 Chapter 05; 15 Chapter 06; 16 Chapter 07; 17 Chapter 08; 18 Index 330 $aBrassinosteroids: Practical Applications in Agriculture and Human Health provides a comprehensive overview on the practical applications of brassinosteroids (BRs) in plant biology (including stress tolerance, growth and development) and human health (anticancer, antiviral and anti-inflammatory activity). The book assures readers a high-quality review of practical applications with a selection of contributions from an international panel of expert researchers. The book suggests new opportunities for professionals to effectively increase the supply of quality food and other plant-derived product 606 $aBrassinosteroids 606 $aAgriculture 606 $aHealth 615 0$aBrassinosteroids. 615 0$aAgriculture. 615 0$aHealth. 676 $a571.7/42 676 $a571.742 700 $aNetto$b Adaucto Bellarmino Pereira, $4aut$4http://id.loc.gov/vocabulary/relators/aut$01801218 701 $aBellarmo Pereira-Netto$b Adaucto$01801219 801 0$bMiAaPQ 801 1$bMiAaPQ 801 2$bMiAaPQ 906 $aBOOK 912 $a9910971252203321 996 $aBrassinosteroids$94346347 997 $aUNINA